000 00864nam a22002537a 4500
003 DO-SdBNP
005 20180216142911.0
008 160718 1991 sp a spa d
020 _a8434812258
040 _aBPMSU
_bspa
_cBPMSU
082 0 4 _axxxxxx
_bxxxxxx
100 1 _aPosadas Mañé, Carmen de
245 1 3 _aEl señor viento norte /
_cCarmen de Posadas Mañé ; ilustraciones Alfonso Ruano
250 _a5a. ed.
260 _aMadrid :
_bSM,
_c1991.
300 _a[26] p. :
_bil. ;
_c30 cm.
490 0 _aCuentos de la torre y la estrella
_v10
586 _aPremio del Ministerio de Cultura como libro infantil mejor editado del año en la especialidad de ilustración.
700 1 2 _aRuano, Alfonso
_eil.
830 0 _aCuentos de la torre y la estrella
_n10
942 _2ddc
_cBK
945 _aInventariado, 2018 / BT
956 _2YLOCKWARD
_310
_8BPMSU
_a00144
999 _c12515
_d12515